000 00586nam a2200205Ia 4500
003 IN-BaIIA
008 211028s9999 xx 000 0 eng d
040 _cIIA Library
080 _a658
_bBAT
100 _aBatliboi, Jamshed R
_98699
245 0 _aWorks organisations, management and cost control
_cJ. R. Batliiboi
250 _a5th ed.
260 _aBombay
_bStandard Accounting Publishers
_c1971
300 _axx, 698p.
650 _a Cost control 
_98700
650 _a Management 
_98701
650 _a Works organization
_98702
650 _aNASA Thesaurus 
942 _cBK
999 _c4870
_d4870